000 01141nam a22003257a 4500
003 CHAP
005 20220329133827.0
008 971013s1988 r 00010 d
010 _a11470
011 _a12442
035 _a15628
040 _cCHAP
090 _aTesis
100 0 0 _aNavarro Ainza, José Antonio Cristóbal.
_980534
245 _aEfecto de las inyecciones de potasio al tronco en la nutrición y desarrollo de árboles de aguacate (Persea americana Mill) CV Fuente
260 _aMontecillo, Méx. :
_bEl autor,
_c1988
300 _a78 h.
_b; gráfs.
502 _aTesis (M.C. Esp. en Edafologia) -- C.P. Centro de Edafología
590 _aALEPH
_b10
_c20130110
_lUCH01
_h1229
590 _aBATCH-UPD
_b10
_c20130110
_lUCH01
_h1832
590 _aBATCH-UPD
_b10
_c20130410
_lUCH01
_h1204
590 _aBATCH-UPD
_b10
_c20130913
_lUCH01
_h2258
590 _aCONVERSION
_b10
_c20130109
_lUCH01
_h1308
650 1 4 _aAguacate.
_92490
650 1 4 _aPotasio
_xEfecto en aguacate.
_991085
901 _aBK
942 _cFOLL
949 _bBC
_cTES
_d-27836
_eTS1
_h20863
_i15628
_si
949 _bBC
_cTES
_d-86783
_eTS2
_fc.2
_h20864
_i15628
_si
999 _c11470
_d11470